000 00629cam a22002173a 4500
001 39976
003 PGUSA
005 20140828083906.0
008 120612s2012||||xxu|||||s|||||000 | eng d
040 _aPGUSA
_beng
042 _adc
100 1 _aDiderot, Denis,
_d1713-1784
245 1 0 _aJacques le fataliste et son maître
_h[electronic resource] /
_cDenis Diderot
260 _bProject Gutenberg,
_c2012
506 _aPublic domain in the USA.
516 _aElectronic text
700 1 _aAssézat, Jules,
_d1832-1876
830 0 _aProject Gutenberg
_v39976
856 4 0 _uhttp://www.gutenberg.org/ebooks/39976
942 _cEB
999 _c269229
_d269229